=LDR 00000nam 2200000 4500 =001 INLIS000000000042664 =005 20131008015451 =008 ***********************************Ind** =035 ##$$0010-101300000000586 =041 ##$$a Ind =082 ##$$a 616.8 =090 ##$$a 616.8, Rob a =100 ##$$a Robert Buckman =245 ##$$a Apa yang seharusnya anda ketahui tentang merawat pasien stroke, Robert Buckman dan Jenny Sutcliff ; pengalih bahasa Theodorus Dharma Wibisono =260 ##$$a 2010 $b Yogyakarta =300 ##$$a 80 hlm., ilus, 24 cm =650 ##$$a Stroke =700 ##$$a Theodorus DFharma Wibisono =850 ##$$a NBPNMAT =990 ##$$a 0001/BPAP-NTB/20142015 =990 ##$$a 0001/BPAP-NTB/2016